Dates empereurs romains - Statistiques

Statistiques générales
  • Ce quiz a été pris 36 fois
  • Le résultat moyen est 9 sur 17
Statistiques - réponses
Hint Réponse % Correct
Trajan 98-117
83%
Vespasien 69-79
72%
Nerva 96-98
72%
Hadrien 117-138
67%
Antonin 138-161
67%
Titus 79-81
67%
Domitien 81-96
67%
Lucius Vérus 161-169
61%
Commode 180-192
61%
Marc Aurèle 161-180
56%
Septime Sévère 193-211
44%
Elagabal 218-222
44%
Geta 211
39%
Caracalla 211-217
39%
Macrin 217-218
39%
Sévère Alexandre 222-235
33%
Guerres civiles 193-197
11%
Aucun quiz correspondant
Distribution des résultats
% des personnes avec chaque résultat
Percentile par nombre de réponses
Votre historique - résultats
Vous n’avez pas pris ce quiz